Normal view
MARC view
- Markle, L.E
Entry Personal Name
001 - CONTROL NUMBER
- control field: 110411
003 - CONTROL NUMBER IDENTIFIER
- control field: NUST
005 - DATE AND TIME OF LATEST TRANSACTION
- control field: 20230316121852.0
008 - FIXED-LENGTH DATA ELEMENTS
- fixed length control field: 230316|| aca||aabn | a|a d
040 ## - CATALOGING SOURCE
- Original cataloging agency: NUST
- Transcribing agency: NUST
100 ## - HEADING--PERSONAL NAME
- Personal name: Markle, L.E
670 ## - SOURCE DATA FOUND
- Source citation: Work cat.: (NUST)183551: Markle, L.E. , Industrial Motor Applications /, 1952
